| 000 | 00806nam a22002417a 4500 | ||
|---|---|---|---|
| 005 | 20160616144749.0 | ||
| 008 | 160616b sp ||||| |||| 00| 0 spa d | ||
| 020 | _a8497683838 | ||
| 050 | 0 | 4 |
_aJC423 _bM37 2006 |
| 100 | 1 |
_aMartí, José Luis, _d1975- |
|
| 245 | 1 | 3 |
_aLa república deliberativa : _buna teoría de la democracia / _cRoberto Gargarella prol. ; Josep J Moreso prol. |
| 250 | _a1a ed. | ||
| 260 |
_aMadrid : _bMarcial Pons, _c2006. |
||
| 300 |
_axix, 359 p. ; _c24 cm. |
||
| 490 | 0 | _aFilosofía y derecho | |
| 504 | _aIncluye bibliografía e índice | ||
| 650 | 4 | _aDemocracia. | |
| 650 | 4 | _aToma de decisiones. | |
| 650 | 4 | _aEl gobierno representativo y la representación. | |
| 700 |
_aGargarella, Roberto _eprol. |
||
| 700 |
_aMoreso, Josep J _eprol |
||
| 942 |
_2lcc _cLIB |
||
| 999 |
_c117181 _d117181 |
||